Dauergäste bei "Rock am Ring" - Statistiken

Allgemein
  • Dieses Quiz wurde 24 mal gespielt
    13 seit der letzten Aktualisierung
  • Das Durchschnittsergebnis liegt bei 35 aus 198
Antwortstatistiken
Auftritte Band/Künstler Bekannt für Herkunft Genre Jahre % Korrekt
4 Green Day Basket Case USA Punk Rock 2005, 2013, 2022, 2024
100%
9 Die Toten Hosen Hier kommt Alex Deutschland Punk Rock 1996, 2000, 2004, 2005, 2008, 2012, 2015, 2017, 2023
92%
4 Die Ärzte Zu spät Deutschland Punk Rock 1997, 2007, 2019, 2024
83%
5 Linkin Park In the End USA Nu Metal 2001, 2004, 2007, 2012, 2014
83%
6 Metallica Master of Puppets USA Thrash Metal 1999, 2003, 2006, 2008, 2012, 2014
83%
7 Papa Roach Last Resort USA Nu Metal 2001, 2005, 2007, 2009, 2013, 2015, 2023
83%
5 Jan Delay Oh Jonny Deutschland Hip-Hop 2007, 2009, 2010, 2014, 2022
75%
6 Fettes Brot Jein Deutschland Hip-Hop 1998, 2002, 2005, 2008, 2013, 2016
67%
4 Limp Bizkit Break Stuff USA Nu Metal 2001, 2009, 2013, 2023
67%
5 Motörhead Ace of Spades Großbritannien Hard Rock 2004, 2008, 2010, 2012, 2015
67%
9 Sportfreunde Stiller Ein Kompliment Deutschland Indie Rock 1998, 2000, 2002, 2004, 2006, 2008, 2010, 2013, 2022
67%
6 Billy Talent Red Flag Kanada Punk Rock 2007, 2009, 2012. 2016, 2022, 2024
58%
3 Bryan Adams Summer of '69 Kanada Pop-Rock 1992, 1996, 1999
58%
4 Deichkind Remmidemmi (Yippie Yippie Yeah) Deutschland Hip-Hop 2000, 2003, 2012, 2015
58%
5 Evanescence Bring Me to Life USA Alternative Metal 2003, 2004, 2007, 2012, 2023
58%
3 Iron Maiden The Number of the Beast Großbritannien Heavy Metal 2003, 2005, 2014
58%
10 Korn Freak On A Leash USA Nu Metal 2000, 2004, 2006, 2007, 2009, 2011, 2013, 2016, 2022, 2025
58%
7 Muse Supermassive Black Hole Großbritannien Alternative Rock 2000, 2002, 2004, 2007, 2010, 2018, 2022
58%
4 Alligatoah Willst du Deutschland Hip-Hop 2014, 2016, 2019, 2022
50%
4 Bastille Pompeii Großbritannien Indie Rock 2013, 2015, 2017, 2019
50%
3 Chris Rea Josephine Großbritannien Soft Rock 1986, 1988, 1997
50%
4 Disturbed Down With the Sickness USA Heavy Metal 2003, 2008, 2011, 2016
50%
4 Marteria Lila Wolken Deutschland Hip-Hop 2014, 2017, 2019, 2022
50%
5 Rage Against The Machine Killing in the Name USA Rap Metal 1994, 1996, 2000, 2008, 2010
50%
3 Seeed Augenbling Deutschland Reggae 2001, 2004, 2013
50%
4 3 Doors Down Kryptonite USA Alternative Rock 2001, 2004, 2005, 2011
42%
5 HIM Wicked Game Finnland Gothic Rock 1999, 2001, 2005, 2008, 2010
42%
4 SDP Die Nacht von Freitag auf Montag Deutschland Pop-Rock 2014, 2016, 2019, 2025
42%
3 System Of A Down Chop Suey! USA Nu Metal 2002, 2011, 2017
42%
4 The BossHoss Don't Gimme That Deutschland Country-Rock 2011, 2013, 2016, 2019
42%
6 The Hives Hate to Say I Told You So Schweden Garage Rock 2001, 2003, 2005, 2007, 2010, 2012
42%
3 Wir Sind Helden Denkmal Deutschland Indie Rock 2004, 2005, 2007
42%
7 Bring Me The Horizon Can You Feel My Heart Großbritannien Metalcore 2009, 2011, 2013, 2016, 2019, 2023, 2025
33%
6 Deftones My Own Summer (Shove It) USA Nu Metal 1998, 2000, 2003, 2006, 2016, 2022
33%
9 Donots We're Not Gonna Take It Deutschland Punk Rock 1999, 2001, 2004, 2010, 2012, 2015, 2017, 2022, 2024
33%
4 Guano Apes Open Your Eyes Deutschland Alternative Rock 1998, 2009, 2012, 2024
33%
4 K.I.Z Hurra die Welt geht unter Deutschland Hip-Hop 2011, 2015, 2023, 2025
33%
5 Mia. Hungriges Herz Deutschland Elektropop 2002, 2003, 2007, 2009, 2012
33%
6 Placebo The Bitter End Großbritannien Alternative Rock 1996, 1997, 2003, 2006, 2009, 2022
33%
5 Reamonn Supergirl Deutschland Pop-Rock 2000, 2001, 2003, 2006, 2009
33%
5 Slayer Raining Blood USA Thrash Metal 2005, 2007, 2010, 2014, 2019
33%
6 Stone Sour Through Glass USA Alternative Metal 2003, 2006, 2007, 2010, 2013, 2018
33%
4 Thirty Seconds to Mars The Kill (Bury Me) USA Alternative Rock 2007, 2010, 2013, 2018
33%
6 Volbeat Still Counting Dänemark Hard Rock 2009, 2010, 2011, 2013, 2016, 2022
33%
3 Weezer Buddy Holly USA Alternative Rock 2005, 2022, 2025
33%
3 Alice In Chains Man in the Box USA Grunge 2006, 2010, 2019
25%
5 Alter Bridge Metalingus USA Hard Rock 2006, 2008, 2011, 2014, 2017
25%
5 Avenged Sevenfold Unholy Confessions USA Heavy Metal 2006, 2011, 2014, 2018, 2024
25%
9 Bad Religion American Jesus USA Punk Rock 1995, 1998, 2002, 2004, 2008, 2010, 2013, 2015, 2018
25%
9 Beatsteaks Let Me In Deutschland Punk Rock 1999, 2002, 2004, 2007, 2011, 2015, 2017, 2022, 2025
25%
10 Bullet For My Valentine Tears Don't Fall Großbritannien Metalcore 2005, 2006, 2008, 2010, 2013, 2016, 2018, 2022, 2023, 2025
25%
4 Casper So perfekt Deutschland Hip-Hop 2013, 2018, 2019, 2022
25%
3 Faithless Insomnia Großbritannien Electronic 1999, 2002, 2004
25%
4 Feine Sahne Fischfilet Komplett im Arsch Deutschland Punk Rock 2015, 2017, 2019, 2025
25%
3 Foo Fighters Everlong USA Hard Rock 2015, 2018, 2023
25%
3 Kaiser Chiefs I Predict a Riot Großbritannien Indie Rock 2006, 2007, 2014
25%
4 Kettcar Landungsbrücken raus Deutschland Indie Rock 2002, 2005, 2009, 2018
25%
6 Marilyn Manson The Beautiful People USA Alternative Metal 2003, 2005, 2009, 2012, 2015, 2018
25%
3 Paramore Misery Business USA Alternative Rock 2007, 2008, 2013
25%
6 Queens Of The Stone Age No One Knows USA Stoner Rock 2000, 2001, 2003, 2008, 2014, 2024
25%
5 Rise Against Savior USA Punk Rock 2010, 2015, 2018, 2023, 2025
25%
5 Selig Ohne Dich Deutschland Indie Rock 1995, 1997, 2009, 2011, 2013
25%
6 Slipknot Duality USA Nu Metal 2000, 2005, 2009, 2015, 2019, 2025
25%
3 Sting Englishman in New York Großbritannien Pop 1991, 1996, 2000
25%
3 The Fratellis Chelsea Dagger Großbritannien Indie Rock 2007, 2008, 2014
25%
4 The Offspring Come Out and Play USA Punk Rock 2008, 2012, 2014, 2022
25%
3 Three Days Grace I Hate Everything About You Kanada Post Grunge 2015, 2019, 2023
25%
7 Tocotronic Pure Vernunft darf niemals siegen Deutschland Indie Rock 1999, 2002, 2005, 2010, 2013, 2015, 2025
25%
6 A Day To Remember If It Means A Lot To You USA Metalcore 2009, 2010, 2013, 2015, 2022, 2025
17%
6 Airbourne Runnin' Wild Australien Hard Rock 2008, 2010, 2013, 2017, 2022, 2025
17%
3 Alanis Morissette You Oughta Know Kanada Pop 1996, 1999, 2001
17%
3 Antilopen Gang Pizza Deutschland Hip-Hop 2015, 2018, 2024
17%
5 Architects Animals Großbritannien Metalcore 2011, 2014, 2016, 2019, 2022
17%
3 Babyshambles Fuck Forever Großbritannien Indie Rock 2006, 2008, 2014
17%
3 Cypress Hill Insane in the Brain USA Hip-Hop 1999, 2010, 2012
17%
6 H-Blockx Little Girl Deutschland Alternative Rock 1995, 2001, 2002, 2004, 2010, 2024
17%
4 Heaven Shall Burn Endzeit Deutschland Metalcore 2010, 2014, 2016, 2025
17%
3 Kid Rock Bawitdaba USA Country-Rock 1999, 2001, 2008
17%
5 Kraftklub Randale Deutschland Indie Rock 2011, 2013, 2015, 2017, 2024
17%
4 Madsen Die Perfektion Deutschland Indie Rock 2005, 2008, 2011, 2024
17%
5 Mando Diao Down in the Past Schweden Alternative Rock 2005, 2007, 2009, 2011, 2014
17%
4 Manic Street Preachers Motorcycle Emptiness Großbritannien Britpop 1994, 1999, 2001, 2008
17%
6 Simple Plan Welcome To My Life Kanada Pop Punk 2002, 2005, 2008, 2011, 2013, 2017
17%
7 The Prodigy Breathe Großbritannien Electronic Rock 1998, 2005, 2008, 2009, 2013, 2015, 2025
17%
4 Tomte Die Schönheit der Chance Deutschland Indie Rock 2001, 2003, 2006, 2009
17%
4 Travis Why Does It Always Rain on Me? Großbritannien Britpop 1998, 2000, 2001, 2007
17%
4 As I Lay Dying My Own Grave USA Metalcore 2005, 2007, 2010, 2012
8%
4 Asking Alexandria Final Episode (Let's Change the Channel) Großbritannien Metalcore 2011, 2013, 2015, 2018
8%
3 Beartooth In Between USA Alternative Metal 2017, 2019, 2024
8%
6 Broilers Tanzt du noch einmal mit mir? Deutschland Punk Rock 2010, 2013, 2015, 2017, 2022, 2024
8%
5 Bush Glycerine Großbritannien Alternative Rock 1996, 1997, 2000, 2002, 2022
8%
5 Danko Jones First Date Kanada Hard Rock 2003, 2004, 2006, 2008, 2022
8%
3 Dropkick Murphys I'm Shipping Up to Boston USA Folk Punk 2012, 2019, 2024
8%
3 Editors Munich Großbritannien Alternative Rock 2006, 2010, 2014
8%
6 Enter Shikari Sorry, You're Not a Winner Großbritannien Post Hardcore 2007, 2009, 2012, 2015, 2018, 2024
8%
3 Flogging Molly Drunken Lullabies USA Folk Punk 2003, 2009, 2023
8%
5 Halestorm I Miss the Misery USA Hard Rock 2010, 2012, 2016, 2019, 2023
8%
5 Hollywood Undead Undead USA Rap Rock 2009, 2011, 2015, 2018, 2023
8%
3 Incubus Drive USA Alternative Rock 2005, 2008, 2023
8%
8 In Flames Only For The Weak Schweden Melodic Death Metal 2004, 2005, 2006, 2008, 2011, 2015, 2017, 2025
8%
3 Jake Bugg Lightning Bolt Großbritannien Indie Rock 2013, 2014, 2017
8%
3 Kasabian L.S.F. (Lost Souls Forever) Großbritannien Indie Rock 2010, 2012, 2014
8%
3 Kate Nash Foundations Großbritannien Indie 2008, 2010, 2013
8%
3 Kittie Spit Kanada Nu Metal 2000, 2002, 2025
8%
4 Maximo Park Apply Some Pressure Großbritannien Indie Rock 2005, 2007, 2012, 2014
8%
3 Mundstuhl Wurstwasser Deutschland Comedy 1998, 2000, 2002
8%
4 Oliver Kalkofe Der Wixxer Deutschland Comedy 1998, 1999, 2001, 2002
8%
4 Skindred Nobody Großbritannien Alternative Metal 2002, 2015, 2017, 2024
8%
4 Söhne Mannheims Geh davon aus ... Deutschland Pop 2000, 2001, 2008, 2011
8%
3 Spiritbox Holy Roller Kanada Metalcore 2022, 2023, 2025
8%
3 Static-X Push It USA Nu Metal 2000, 2001, 2004
8%
6 Stereophonics Dakota Großbritannien Britpop 1997, 1998, 1999, 2003, 2008, 2013
8%
4 Tenacious D Tribute USA Comedy Rock 2012, 2016, 2019, 2023
8%
3 The Kooks Naïve Großbritannien Indie Rock 2007, 2009, 2011
8%
4 The Smashing Pumpkins Bullet With Butterfly Wings USA Alternative Rock 1994, 1998, 2007, 2019
8%
4 Tool Schism USA Progressive Metal 2001, 2002, 2006, 2019
8%
3 4 Lyn Whoo Deutschland Nu Metal 2001, 2002, 2004
0%
3 Alexisonfire This Could Be Anywhere in the World Kanada Post Hardcore 2006, 2009, 2018
0%
3 All That Remains This Calling USA Heavy Metal 2009, 2011, 2015
0%
3 Amon Amarth Twilight of The Thunder God Schweden Melodic Death Metal 2013, 2016, 2019
0%
3 Atreyu Becoming the Bull USA Metalcore 2006, 2019, 2024
0%
4 Biffy Clyro Many of Horror Großbritannien Post Hardcore 2009, 2013, 2016, 2025
0%
3 Blackmail Same Sane Deutschland Alternative Rock 1999, 2001, 2003
0%
5 Black Stone Cherry Lonely Train USA Hard Rock 2008, 2009, 2011, 2014, 2018
0%
3 Body Count Cop Killer USA Rap Metal 2015, 2018, 2024
0%
3 Boysetsfire Rookie USA Post Hardcore 2003, 2014, 2023
0%
5 Caliban Memorial Deutschland Metalcore 2005, 2011, 2016, 2018, 2022
0%
4 Clawfinger The Truth Schweden Nu Metal 1994, 1995, 1998, 2003
0%
3 Clutch The Mob Goes Wild USA Hard Rock 2013, 2015, 2017
0%
3 Danzig Mother USA Heavy Metal 1993, 1995, 2011
0%
5 Disco Ensemble We Might Fall Apart Finnland Post Hardcore 2006, 2007, 2008, 2010, 2013
0%
3 K's Choice Not an Addict Belgien Post Grunge 1996, 1998, 2001
0%
3 Don Broco Everybody Großbritannien Alternative Rock 2017, 2018, 2022
0%
3 Drangsal Will ich nur dich Deutschland Indie-Pop 2019, 2022, 2025
0%
4 Dredg Same Ol' Road USA Alternative Rock 2002, 2006, 2009, 2011
0%
3 Eagles Of Death Metal Miss Alisa USA Hard Rock 2008, 2015, 2019
0%
4 Feeder Buck Rogers Großbritannien Alternative Rock 1998, 2000, 2001, 2005
0%
3 Fever 333 Made an America USA Rap Rock 2019, 2022, 2023
0%
3 Five Finger Death Punch The Bleeding USA Alternative Metal 2010, 2013, 2017
0%
3 Foals Spanish Sahara Großbritannien Indie Rock 2010, 2016, 2019
0%
3 Frank Turner Photosynthesis Großbritannien Folk Rock 2011, 2015, 2025
0%
4 Funeral For A Friend Juneau Großbritannien Alternative Rock 2004, 2005, 2007, 2011
0%
3 Gallows Orchestra of Wolves Großbritannien Hardcore Punk 2007, 2009, 2012
0%
3 Godsmack Whatever USA Alternative Metal 2001, 2015, 2019
0%
3 Gogol Bordello Start Wearing Purple USA Punk Rock 2007, 2010, 2014
0%
3 Gojira Backbone Frankreich Progressive Metal 2012, 2017, 2023
0%
4 Graveyard The Siren Schweden Hard rock 2012, 2013, 2016, 2019
0%
3 Groove Armada Superstylin' Großbritannien Electronic 2002, 2004, 2007
0%
3 Heroes Del Silencio Entre dos tierras Spanien Hard Rock 1992, 1993, 1996
0%
3 INXS New Sensation Australien New Wave 1986, 1991, 1993
0%
3 Kaizers Orchestra Kontroll på kontinentet Norwegen Alternative Rock 2003, 2004, 2006
0%
6 Killswitch Engage My Last Serenade USA Metalcore 2004, 2005, 2007, 2009, 2012, 2016
0%
3 Kings Of Leon The Bucket USA Alternative Rock 2011, 2014, 2023
0%
3 Kontra K Adrenalin Deutschland Hip-Hop 2019, 2023, 2025
0%
3 Kvelertak Blodtørst Norwegen Alternative Metal 2014, 2019, 2024
0%
5 Lamb Of God Laid to Rest USA Heavy Metal 2005, 2007, 2010, 2012, 2015
0%
3 Lifehouse Hanging by a Moment USA Alternative Rock 2001, 2003, 2011
0%
3 Lower Than Atlantis Beech Like the Tree Großbritannien Alternative Rock 2012, 2015, 2017
0%
5 Machine Head Davidian USA Thrash Metal 2004, 2007, 2009, 2012, 2024
0%
5 Mastodon Blood and Thunder USA Progressive Metal 2005, 2011, 2012, 2014, 2022
0%
3 Meshuggah Future Breed Machine Schweden Progressive Metal 2005, 2018, 2023
0%
3 Motionless In White Abigail USA Metalcore 2015, 2017, 2023
0%
3 Mudvayne Dig USA Alternative Metal 2001, 2003, 2005
0%
3 Nothing More This is the Time (Ballast) USA Alternative Rock 2014, 2018, 2025
0%
3 Of Mice & Men The Depths USA Metalcore 2014, 2016, 2024
0%
4 Opeth Deliverance Schweden Progressive Metal 2006, 2008, 2012, 2014
0%
3 Paradise Lost As I Die Großbritannien Gothic Metal 1994, 1996, 1999
0%
3 Parkway Drive Carrion Australien Metalcore 2015, 2018, 2024
0%
3 Pendulum Propane Nightmares Australien Drum and Bass 2008, 2010, 2024
0%
4 Phoenix 1901 Frankreich Indie-Pop 2004, 2006, 2009, 2013
0%
4 Readymade Stromgitarre Deutschland Indie Rock 1997, 1998, 2000, 2002
0%
4 Rival Sons Pressure and Time USA Hard rock 2012, 2014, 2016, 2017
0%
5 Royal Republic Full Steam Spacemachine Schweden Alternative Rock 2011, 2013, 2015, 2022, 2024
0%
3 Schmutzki Punk ist tot Deutschland Punk Rock 2015, 2017, 2022
0%
3 Seether Fine Again Südafrika Post Grunge 2004, 2008, 2014
0%
6 Shinedown Second Chance USA Post Grunge 2006, 2009, 2012, 2016, 2018, 2022
0%
4 Silverstein Bleeds No More Kanada Post Hardcore 2007, 2008, 2011, 2023
0%
4 Slash Back From Cali USA Hard Rock 1995, 2010, 2015, 2019
0%
3 Soil Halo USA Alternative Metal 2003, 2004, 2006
0%
4 Sondaschule Neue Welt Deutschland Ska-Punk 2015, 2017, 2022, 2024
0%
3 Starsailor Good Souls Großbritannien Alternative Rock 2001, 2002, 2004
0%
4 Such A Surge Schatten Deutschland Alternative Metal 1996, 1999, 2000, 2002
0%
3 Sugarplum Fairy (And Please) Stay Young Schweden Pop-Rock 2005, 2007, 2009
0%
3 The Ark It Takes a Fool to Remain Sane Schweden Glam Rock 2002, 2003, 2005
0%
3 The Ghost Inside Engine 45 USA Metalcore 2013, 2015, 2025
0%
3 The Hellacopters (Gotta Get Some Action) Now! Schweden Garage Rock 2003, 2005, 2008
0%
3 The Sounds Painted by Numbers Schweden Indie Rock 2003, 2007, 2010
0%
3 The Soundtrack Of Our Lives Sister Surround Schweden Alternative Rock 2004, 2006, 2009
0%
3 The Streets Dry Your Eyes Großbritannien Garage 2004, 2006, 2008
0%
3 Thumb Break Me Deutschland Nu Metal 1996, 1997, 2001
0%
6 Trivium The Heart from Your Hate USA Heavy Metal 2006, 2009, 2012, 2014, 2016, 2019
0%
4 Turbostaat Tut es doch weh Deutschland Punk Rock 2007, 2010, 2015, 2025
0%
3 We Are Scientists Nobody Move, Nobody Get Hurt USA Indie Rock 2011, 2014, 2016
0%
5 While She Sleeps Silence Speaks Großbritannien Metalcore 2012, 2015, 2016, 2019, 2024
0%
3 Wirtz Ne Weile her Deutschland Indie Rock 2009, 2016, 2017
0%
3 You Me At Six Underdog Großbritannien Alternative Rock 2009, 2010, 2022
0%
4 Zebrahead All My Friends Are Nobodies USA Pop-Punk 1999, 2010, 2015, 2025
0%
3 Zucchero Diavolo in me Italien Pop-Rock 1996, 1997, 1999
0%
Keine übereinstimmenden Quizze gefunden
Verteilung der Resultate
Anzahl Personen mit jedem Resultat
Perzentil nach korrekt beantworteten Fragen
Ihre Resultats-Entwicklung
Sie haben dieses Quiz seit der letzten Aktualisierung nicht gespielt